| 000 | 00824nam a2200217 a 4500 | ||
|---|---|---|---|
| 001 | BRCA_3654 | ||
| 005 | 20190320204353.0 | ||
| 008 | 900925s1990 gw a 000 0bger | ||
| 050 | 4 |
_aTR140.M6 _b.T56 1990 |
|
| 245 | 1 | 0 |
_aTina Modotti _bPhotographien & Dokumente _cKonzeption & Redaktion, Reinhard Schultz. |
| 260 |
_aBerlin _bSozialarchiv _c[1990?] |
||
| 300 |
_a112 p. _bil. _c28 cm. |
||
| 440 | 0 |
_aGeschichte Kunst und Kultur _v1 _99475 |
|
| 500 | _aKatalogbuch zur Gleichnamigen Ausstellung des Sozialarchivs in Zusammenarbeit mit Fototeca del Inah, Pachuca, México ... | ||
| 504 | _aBibliografía: p. 22 | ||
| 600 | 1 | 4 |
_aModotti, Tina _d1896-1942 _95387 |
| 650 | 1 | 4 |
_aMujeres fotógrafas _xBiografía _zMéxico _99476 |
| 651 | 4 |
_aMéxico _xCondiciones sociales _9810 |
|
| 700 | 1 |
_aSchultz, Reinhard _99477 |
|
| 942 |
_2lcc _cB |
||
| 999 |
_c3387 _d3387 |
||